| 000 | 00845nam a2200229 a 4500 | ||
|---|---|---|---|
| 001 | 43954 | ||
| 003 | BD-RjUL | ||
| 005 | 20211209053757.0 | ||
| 008 | 160629s1984 bg ||||| |||| 00| 0 ben d | ||
| 020 | _c: Tk. 30.00 | ||
| 035 | _a(BD-RjUL)44072 | ||
| 040 |
_aBD-RjUL _bben _cBD-RjUL |
||
| 041 | _aben | ||
| 082 |
_223 _a891.445 _bALT 1984 |
||
| 100 |
_aআল-মুতী, আবদুল্লাহ. _9122895 |
||
| 245 | 1 | 0 |
_aতারার দেশের হাতছানি / _cআবদুল্লাহ আল-মুতী, |
| 260 |
_aঢাকা _bবাংলা একাডেমী, _c১৯৮৪ |
||
| 300 |
_a৯৬ পৃ. : _bচিত্র. ; _c২৩ সেমি. |
||
| 650 |
_aবাংলা সাহিত্য _vপ্রবন্ধ _9135030 |
||
| 650 |
_aBengali literature _vEssay _9135031 |
||
| 942 |
_2ddc _cBK |
||
| 999 |
_c43954 _d43954 |
||